Justicia comunal en Los Andes del Perú: el caso de Calahuyo
Tallennettuna:
| Päätekijä: | |
|---|---|
| Aineistotyyppi: | Kirja |
| Kieli: | espanja |
| Julkaistu: |
Lima
Universidad Católica de Perú
1998
|
| Aiheet: | |
| Tagit: |
Lisää tagi
Ei tageja, Lisää ensimmäinen tagi!
|
MARC
| LEADER | 00000nam a2200000 a 4500 | ||
|---|---|---|---|
| 001 | UCP2065 | ||
| 003 | CL-VaPUC | ||
| 008 | 990507e19980000PE |||||||||||||||||spa|d | ||
| 082 | 0 | 4 | |a 349.85 |b PEÑ |2 21 |
| 100 | 0 | |a Peña Jumpa, Antonio |e author |9 428502 | |
| 245 | 1 | 0 | |a Justicia comunal en Los Andes del Perú: el caso de Calahuyo |
| 300 | |a 389 p | ||
| 942 | |c BK | ||
| 945 | |d 19990507 00:00:00 |a rbrito | ||
| 260 | |a Lima |b Universidad Católica de Perú |c 1998 | ||
| 650 | 0 | |a Derecho peruano |9 386941 | |
| 650 | 0 | |a Historia del derecho peruano |9 428503 | |
| 650 | 7 | |a DERECHO RURAL |2 CL-VaPUC |9 428504 | |
| 650 | 7 | |a COMUNIDADES CAMPESINAS |2 CL-VaPUC |9 428505 | |
| 583 | |a last modification |c 19990507 00:00:00 |k Rodrigo Vera | ||
| 999 | |c 280665 |d 280663 | ||
| 952 | |0 0 |1 0 |4 0 |6 349_850000000000000_PEÑ_1998 |7 0 |8 A |9 321115 |a BIBDER |b BIBDER |d 2019-11-20 |i 350963K |o 349.85 PEÑ 1998 |p 350963K |r 2023-01-25 |w 2019-11-20 |y BK |k DER | ||